000 02072nam a2200505 i 4500
001 36636
003 KOSZ 005
005 20230126120602.0
008 000106s1998 pl |000 0 pol
020 _a8387913499
035 _a991012334929705066
035 _a(PL-WaBN)b13338821-48omnis_nlop
035 _ab13338821
035 _a(OCoLC)749268062
035 _acc99223235
035 _a(PL)b0000001333882
035 _a(EXLNZ-48OMNIS_NETWORK)9910407993705606
040 _aWA N
_cWA N
_dKR U
_dKOSZ 005/HR
046 _k1998
080 _a 347.77(438)
080 _a347.77(4-67)
245 0 0 _aPrawo własności przemysłowej :
_bprawo patentowe, prawo znaków towarowych, ochrona wzorów przemysłowych oraz ochrona topografii układów scalonych.
_nCz. 1,
_pOpracowanie analityczne /
_cred. nauk. Janusz Szwaja ; [poszczeg. cz. oprac.: Bogusław Gawlik et al.].
260 _aWarszawa :
_bUrząd Komitetu Integracji Europejskiej,
_c1998.
300 _a282 s. ;
_c21 cm.
336 _aTekst
_btxt
_2rdacontent
337 _aBez urządzenia pośredniczącego
_bn
_2rdamedia
338 _aWolumin
_bnc
_2rdacarrier
380 _aKsiążki
388 _a1901-2000
388 _a1989-2000
490 1 _aHarmonizacja Prawa Polskiego z Prawem Wspólnot Europejskich ;
_v8
536 _aPublikacja sfinansowana ze środków pomocowych Unii Europejskiej programu Fiesta II.
610 2 7 _aUnia Europejska (UE)
_2DBN
650 7 _aPrawo własności przemysłowej
_2DBN
650 7 _aPrawo Unii Europejskiej
_2DBN
651 7 _aPolska
_2DBN
658 _aPrawo i wymiar sprawiedliwości
700 1 _aGawlik, Bogusław
_d(1942- )
_eOpracowanie
700 1 _aSzwaja, Janusz
_d(1934-2022)
_eRedakcja
710 _aUrząd Komitetu Integracji Europejskiej
830 0 _aHarmonizacja Prawa Polskiego z Prawem Wspólnot Europejskich
_v8
856 _uhttp://koha.tu.koszalin.pl/cgi-bin/koha/opac-detail.pl?biblionumber=36636
_yKatalog online BPK
942 _2UKD
_cKS
999 _c36636
_d36636